Szczegóły MARC21

Marketing przyszłości, trendy, strategie, instrumenty : konsument i przedsiębiorstwo w kontekście zmian w otoczeniu - handel i usługi /

003 -Nazwa inst., której nr kontr. jest w polu 001 [,]
    • @
    • Nazwa instytucji, której n kontrolny jest w polu 001
    • NUKAT
005 -DATA I CZAS OSTATNIEJ MODYFIKACJI [,]
    • @
    • pole kontrolne
    • 20241231112918.0
040 -Instytucja sporządzająca opis [ , ]
    • a
    • Instytucja, która sporządziła opis (NP)
    • POZN 004/KM
    • c
    • Instytucja, która sporządziła rekord (NP)
    • POZN 004/KMs
    • d
    • Instytucja, która zmodyfikowała rekord (P)
    • POZN 004/MKA
041 -Język dokumentu [0, ]
    • a
    • Język tekstu (P)
    • polski
    • a
    • Język tekstu (P)
    • angielski
    • b
    • Język streszczeń lub abstraktu (P)
    • angielski
    • b
    • Język streszczeń lub abstraktu (P)
    • polski
942 -Rodzaj dokumentu [ , ]
    • c
    • Rodzaj dokumentu
    • Książka
245 -Strefa tytułu i oznaczenia odpowiedzialności [0,0]
    • a
    • Tytuł
    • Marketing przyszłości, trendy, strategie, instrumenty : Find
    • b
    • Ciąg dalszy tytułu (NP)
    • konsument i przedsiębiorstwo w kontekście zmian w otoczeniu - handel i usługi / Find
    • c
    • Pozostałe elementy strefy tytułu i oznaczenia odpowiedzialności (NP)
    • redaktorzy naukowi: Grażyna Rosa, Agnieszka Smalec ; redaktor tematyczny: Leszek Gracz ; redaktor statystyczny: Rafał Klóska.
260 -Strefa adresu wydawniczego [ , ]
    • a
    • Miejsce wydania (P)
    • Szczecin :
    • b
    • Nazwa wydawcy (P)
    • Wydawnictwo Naukowe Uniwersytetu Szczecińskiego,
    • c
    • Data wydania (P)
    • 2016.
300 -Strefa opisu fizycznego [ , ]
    • a
    • Określenie formy książki i/lub objętość (NP)
    • 446 s. :
    • b
    • Oznaczenie ilustracji (NP)
    • il. ;
    • c
    • Format (NP)
    • 25 cm.
336 -Typ zawartości [ , ]
    • a
    • Termin opisujący typ zawartości
    • Tekst
    • b
    • Kod określający zawartość
    • txt
    • 2
    • Źródło (terminu i kodu)
    • rdacontent
337 -Typ mediów [ , ]
    • a
    • Tryb odtwarzania
    • Bez urządzenia pośredniczącego
    • b
    • Kod typu mediów
    • n
    • 2
    • Źródło (terminu i kodu)
    • rdamedia
338 -Typ/rodzaj nośnika [ , ]
    • a
    • Hasło opisujące typ nośnika
    • Wolumin
    • b
    • Kod typu nośnika
    • nc
    • 2
    • Źródło (terminu i kodu)
    • rdacarrier
490 -Strefa serii i książki wielotomowej - forma nie do wyszukiwania [1, ]
    • a
    • Tytuł (P)
    • Marketing i Zarządzanie, Find
    • x
    • ISSN (NP)
    • 2450-775X ;
    • v
    • Numeracja (P)
    • nr 3(44) 2016
830 -Hasło dodatkowe serii i opisu książki wielotomowej - tytuł ujednolicony/tytuł [ ,0]
    • a
    • Tytuł ujednolicony/tytuł (NP)
    • Marketing i Zarządzanie
    • x
    • ISSN
    • 2450-775X
    • v
    • Oznaczenie tomu (NP)
    • nr 3(44) 2016
    • 9
    • KHW
    • 99880
500 -Uwaga ogólna [ , ]
    • a
    • Uwaga ogólna (NP)
    • Na str. tyt. podano nazwę poprzedniej serii.
500 -Uwaga ogólna [ , ]
    • a
    • Uwaga ogólna (NP)
    • Na str. red. podano dodatkowo dwa nr ISSN: (ISSN 1640-6818 ; 1509-0507).
504 -Uwaga dot. bibliogr. załącznikowej [ , ]
    • a
    • Uwaga dot. bibliografii załącznikowej
    • Bibliogr. przy rozdz.
546 -Uwaga dot. języka [ , ]
    • a
    • Uwaga dot. języka
    • Tekst. pol., ang. Streszcz. ang., pol.
080 -Uniwersalna Klasyfikacja Dziesiętna [ , ]
    • 2
    • Identyfikator wydania tablic
    • UDC-P058
    • 9
    • UKD
    • 3291
    • a
    • Symbol klasyfikacji
    • 339.13
    • b
    • Dopowiedzenie
    • Rynek. Podaż. Popyt. Konkurencja. Środki oddziaływania na rynek. Polityka rynkowa.
650 -Hasło przedmiotowe [ ,7]
    • a
    • Hasło przedmiotowe
    • Marketing
    • y
    • Określnik chronologiczny
    • 1990-.
    • 2
    • Źródło terminu
    • kaba
    • 9
    • KHW
    • 630196
650 -Hasło przedmiotowe [ ,7]
    • a
    • Hasło przedmiotowe
    • Marketing
    • x
    • Określnik rzeczowy
    • zarządzanie.
    • 2
    • Źródło terminu
    • kaba
    • 9
    • KHW
    • 118384
650 -Hasło przedmiotowe [ ,7]
    • a
    • Hasło przedmiotowe
    • Marketing usług.
    • 2
    • Źródło terminu
    • kaba
    • 9
    • KHW
    • 118396
650 -Hasło przedmiotowe [ ,7]
    • a
    • Hasło przedmiotowe
    • Postawy konsumentów.
    • 2
    • Źródło terminu
    • kaba
    • 9
    • KHW
    • 115119
980 -Symbol UKD [ , ]
    • a
    • UKD
    • 339.13
700 -Hasło dodatkowe - nazwa osobowa [1, ]
    • a
    • Nazwa osobowa (NP)
    • Rosa, Grażyna Find
    • d
    • Daty biograficzne (NP)
    • (1968- ).
    • e
    • Określenie rodzaju współpracy
    • Red.
    • 9
    • KHW
    • 453
700 -Hasło dodatkowe - nazwa osobowa [1, ]
    • a
    • Nazwa osobowa (NP)
    • Smalec, Agnieszka. Find
    • e
    • Określenie rodzaju współpracy
    • Red.
    • 9
    • KHW
    • 454
700 -Hasło dodatkowe - nazwa osobowa [1, ]
    • a
    • Nazwa osobowa (NP)
    • Gracz, Leszek. Find
    • e
    • Określenie rodzaju współpracy
    • Red.
    • 9
    • KHW
    • 855
700 -Hasło dodatkowe - nazwa osobowa [1, ]
    • a
    • Nazwa osobowa (NP)
    • Klóska, Rafał. Find
    • e
    • Określenie rodzaju współpracy
    • Red.
    • 9
    • KHW
    • 20719
710 -Hasło dodatkowe - nazwa ciała zbiorowego [2, ]
    • a
    • Nazwa ciała zbiorowego lub nazwa geograficzna jako pierwszy element (NP)
    • Uniwersytet Szczeciński.
    • b
    • Nazwa jednostki podrzędnej (P)
    • Wydawnictwo Naukowe.
    • 4
    • Kod relacji
    • pbl
    • 9
    • KHW
    • 51208
931 -Powiązanie tyt. z wydaw. ciągłym [ , ]
    • a
    • Powiązanie tytułówki z wydaw. ciągłym
    • PATRZ WYDAWNICTWO CIĄGŁE
    • z
    • Numer rek. powiązanego
    • 204269